000 00600cam a22001814a 4500
001 1212904
005 20241118180105.0
008 990205s1999 mau b 001 0 eng
020 _a0878934049 (cloth)
050 0 0 _aQK95
_b.P548 1999
082 0 0 _a580/.1/2
_221
245 0 0 _aPlant systematics :
_ba phylogenetic approach /
_cWalter S. Judd ... [et al.].
260 _aSunderland, Mass. :
_bSinauer Associates,
_cc1999.
300 _axvi, 464 p. :
_bill. ;
_c29 cm. +
_e1 computer laser optical disc (4 3/4 in.)
650 0 _aPlants
_xClassification.
700 1 _aJudd, Walter S.
942 _2lcc
_cBK
_n0
999 _c1308
_d1308